000 00288nam a22001337a 4500
008 180112b xxu||||| |||| 00| 0 eng d
020 _a9780883639337
041 _aeng
080 _a7
100 _a44
101 _aART
245 _aGreat rubber stamping
_cRitchie,J
942 _2udc
_cBK
999 _c40203
_d40203